000 00972nam a2200289 i 4500
001 91367
003 ES-MaACL
005 20230906180715.0
007 t|
008 050128s1982 mx ||||1| spa d
020 _a968-16-1245-0
100 1 _aLévi-Strauss, Claude.
_971961
245 1 0 _aMitológicas /
_cClaude Lévi-Strauss ; [traducción al español, Juan Almela].
250 _a[1ª ed.].
260 _aMéxico :
_bFondo de Cultura Económica de México,
_c1982.
300 _a2 v. :
_bil. ;
_c21 cm.
490 1 _aSección de obras de antropología ;
_v6051
500 _aIndices.
504 _aBibliografía.
505 8 _aContiene: V. I: Lo crudo y lo cocido. -- V. II: De la miel a las cenizas.
700 1 _aAlmela, Juan.
_920128
740 0 _aLo crudo y lo cocido.
740 0 _aDe la miel a las cenizas.
830 0 _aSección de obras de antropología ;
_v6051
_9179904
852 _aES-MaACL
_jL-9846-7
_bR.111901
999 _c91367
_d91367